বিষয়বস্তু এড়িয়ে যান

Рана. Раневой процесс. Принципы лечения учебное пособие для студентов лечебного факультетов по общей хирургии

Учебное пособие содержит сведения по общим вопросам раневого процесса, этиологии и патогенеза, классификации ран. Изложены принципы лечения, методы дренирования, что будет способствовать формированию у студентов клинического мышления. Представлены тестовые задания. Пособие предназначено для обучения...

সম্পূর্ণ বিবরণ

সংরক্ষণ করুন:
গ্রন্থ-পঞ্জীর বিবরন
প্রধান লেখক: Есипов В. К.
বিন্যাস: Книга
ভাষা:Russian
প্রকাশিত: Оренбург ОрГМУ 2022
অনলাইন ব্যবহার করুন:https://e.lanbook.com/book/340607
https://e.lanbook.com/img/cover/book/340607.jpg
ট্যাগগুলো: ট্যাগ যুক্ত করুন
কোনো ট্যাগ নেই, প্রথমজন হিসাবে ট্যাগ করুন!
LEADER 01715nam0a2200265 i 4500
001 340607
003 RuSpLAN
005 20240216150945.0
008 240216s2022 ru gs 000 0 rus
040 |a RuSpLAN 
041 0 |a rus 
044 |a ru 
080 |a 616-001.4-08 (075.8) 
084 |a 54.581.4-5 Я 73  |2 rubbk 
245 0 0 |a Рана. Раневой процесс. Принципы лечения  |b учебное пособие для студентов лечебного факультетов по общей хирургии  |c Есипов В. К. 
260 |a Оренбург  |b ОрГМУ  |c 2022 
300 |a 45 с. 
504 |a Библиогр.: доступна в карточке книги, на сайте ЭБС Лань 
520 8 |a Учебное пособие содержит сведения по общим вопросам раневого процесса, этиологии и патогенеза, классификации ран. Изложены принципы лечения, методы дренирования, что будет способствовать формированию у студентов клинического мышления. Представлены тестовые задания. Пособие предназначено для обучения студентов III курса по специальности 31.05.01 Лечебное дело. 
521 8 |a Книга из коллекции ОрГМУ - Медицина 
521 8 |a СЭБ 
100 1 |a Есипов В. К. 
856 4 |u https://e.lanbook.com/book/340607 
856 4 8 |u https://e.lanbook.com/img/cover/book/340607.jpg 
953 |a https://e.lanbook.com/img/cover/book/340607.jpg